Econometrics / (Record no. 9403)

MARC details
000 -LEADER
fixed length control field 00737nac a22002171u 4500
020 ## - INTERNATIONAL STANDARD BOOK NUMBER
International Standard Book Number 047105514* :
082 00 - DEWEY DECIMAL CLASSIFICATION NUMBER
Classification number 330
Item number WON
090 ## - LOCALLY ASSIGNED LC-TYPE CALL NUMBER (OCLC); LOCAL CALL NUMBER (OCLC)
-- 9403
-- 9403
100 ## - MAIN ENTRY--PERSONAL NAME
Personal name Wonnacott, Ronald J.
245 10 - TITLE STATEMENT
Title Econometrics /
Statement of responsibility, etc Ronald J. Wonnacott., Thomas H. Wonnacott
250 ## - EDITION STATEMENT
Edition statement 2nd ed.
260 ## - PUBLICATION, DISTRIBUTION, ETC. (IMPRINT)
Place of publication, distribution, etc New York :
Name of publisher, distributor, etc McGraw-Hill,1979.
Date of publication, distribution, etc c1979.
300 ## - PHYSICAL DESCRIPTION
Extent xxiii, 580 p. :
Other physical details ill. ;
Dimensions 24 cm.
500 ## - GENERAL NOTE
General note Distributer: Al-Ahram
504 ## - BIBLIOGRAPHY, ETC. NOTE
Bibliography, etc Includes bibliographical references and index.
511 ## - PARTICIPANT OR PERFORMER NOTE
Participant or performer note Catalogued by: Sara
650 #0 - SUBJECT ADDED ENTRY--TOPICAL TERM
Topical term or geographic name as entry element Economics.
700 1# - ADDED ENTRY--PERSONAL NAME
Personal name Wonnacott, Thomas H.
942 ## - ADDED ENTRY ELEMENTS (KOHA)
Item type Book - Borrowing
Call number prefix 330WON
Holdings
Withdrawn status Item status Damaged status Not for loan Home library Current library Shelving location Date acquired Source of acquisition Total Checkouts Total Renewals Full call number Barcode Date last seen Date last borrowed Koha item type
        Central Library Central Library First floor 08/05/2008 Purchase 3 13 330WON 000011069 15/07/2025 23/12/2013 Book - Borrowing